Improving heritage protection (Record no. 72456)
[ view plain ]
| 000 -LEADER | |
|---|---|
| fixed length control field | 00976cam a2200193 4500 |
| 001 - CONTROL NUMBER | |
| control field | WB3914-04 |
| 008 - FIXED-LENGTH DATA ELEMENTS--GENERAL INFORMATION | |
| fixed length control field | 030408n2003 000 0 eng u |
| 035 ## - SYSTEM CONTROL NUMBER | |
| System control number | (Sirsi) u121921 |
| 245 ## - TITLE STATEMENT | |
| Title | Improving heritage protection |
| 260 ## - PUBLICATION, DISTRIBUTION, ETC. | |
| Date of publication, distribution, etc. | 2003 |
| 490 ## - SERIES STATEMENT | |
| Series statement | DCMS News Release |
| Volume/sequential designation | (40/03) 4 April 2003 (4) |
| 520 ## - SUMMARY, ETC. | |
| Summary, etc. | Government and English Heritage have launched a major review of heritage protection. The review will examine the statutory management of the historic environment including the listing of buildings, the scheduling of ancient monuments and the registration of historic parks, gardens and battlefields. A consultation paper is expected in July. www.gnn.gov.uk/gnn/national.nsf/Daily+News/CAB7C435A982DDDF80256CFE003E413C?opendocument |
| 590 ## - LOCAL NOTE (RLIN) | |
| Local note | WB |
| 650 ## - SUBJECT ADDED ENTRY--TOPICAL TERM | |
| Topical term or geographic name entry element | HERITAGE PROTECTION |
| 650 ## - SUBJECT ADDED ENTRY--TOPICAL TERM | |
| Topical term or geographic name entry element | HISTORIC ENVIRONMENT |
| 650 ## - SUBJECT ADDED ENTRY--TOPICAL TERM | |
| Topical term or geographic name entry element | BUILT ENVIRONMENT |
| 690 ## - LOCAL SUBJECT ADDED ENTRY--TOPICAL TERM (OCLC, RLIN) | |
| Topical term or geographic name as entry element | BUILT ENVIRONMENT-BUILDING MAINTENANCE AND REFURBISHMENT-BUILDING CONSERVATION |
| 942 ## - ADDED ENTRY ELEMENTS (KOHA) | |
| Suppress in OPAC | 0 |
| Withdrawn status | Lost status | Source of classification or shelving scheme | Damaged status | Not for loan | Home library | Current library | Shelving location | Date acquired | Total Checkouts | Full call number | Barcode | Date last seen | Copy number | Price effective from | Koha item type |
|---|---|---|---|---|---|---|---|---|---|---|---|---|---|---|---|
| Dewey Decimal Classification | London | London | News article | 08/04/2003 | WB3914-04 | 121921-1001 | 06/08/2019 | 1 | 06/08/2019 | News article |